00610nam a2200169 a 450000100100000000500170001000800410002702000150006804000250008310000300010824501020013825000120024026000290025230000360028195201060031799900170042300004337520201002040846.0140312s1996 sp ac 001 0 spa d a8423992411 aDO-SdBNPbspacBNPHU1 aTorres, Augusto M.97096210aDiccionario Espasa Cine Español /cAugusto M. Torres; prólogo de Manuel Gutiérrez Aragón. a2a. ed. aMadrid :bEspasa,c1996. a548 p. :bil., retrs. ;c18 cm. 0010507-18MOaGRbGRcOId2014-03-12iLF1l0o p43375-10r2020-06-25w2020-06-25y1ZNo se presta c42864d42864